000 00485nam a2200169Ia 4500
999 _c34983
_d34983
003 OSt
005 20200203135654.0
008 190216s9999||||xx |||||||||||||| ||und||
040 _coclc
082 _a320
_bRAJ/H
100 _aRajshekar, V T
_9345
245 0 _aHindu Serpent Versus Muslim Mongoose /
_cV T Rajshekar
260 _bDalit Sahitya Akademy,
_c2007.
_aBangalore:
300 _a34p
650 _aPolitics
942 _cBK
_2ddc
_h320
_iRAJ/H
_k320
_mRAJ/H